Arqueología del colonialismo: el impacto fenicio y griego en el sur de la Península Ibérica y el suroeste de Alemania
Guardado en:
| Autor principal: | |
|---|---|
| Formato: | Libro |
| Lenguaje: | español |
| Publicado: |
Barcelona
Crítica
1997
|
| Colección: | Crítica - Arqueología
|
| Materias: | |
| Etiquetas: |
Agregar Etiqueta
Sin Etiquetas, Sea el primero en etiquetar este registro!
|
MARC
| LEADER | 00000nam a2200000 a 4500 | ||
|---|---|---|---|
| 001 | UCM0493 | ||
| 003 | CL-VaPUC | ||
| 008 | 020301e19970000SP |||||||||||||||||spa|d | ||
| 082 | 0 | 4 | |a 930.1 |b FRA |2 21 |
| 100 | 0 | |a Frankenstein, Susan |e author |9 467321 | |
| 245 | 1 | 0 | |a Arqueología del colonialismo: el impacto fenicio y griego en el sur de la Península Ibérica y el suroeste de Alemania |
| 300 | |a 386 p | ||
| 942 | |c BK | ||
| 945 | |d 20020301 00:00:00 |a cmena | ||
| 260 | |a Barcelona |b Crítica |c 1997 | ||
| 650 | 0 | |a Arqueología |9 265619 | |
| 650 | 7 | |a EXCAVACIONES ARQUEOLOGICAS |2 CL-VaPUC |9 310948 | |
| 650 | 0 | |a Investigación científica |9 259857 | |
| 650 | 0 | |a Civilizaciones antiguas |9 265998 | |
| 650 | 0 | |a Civilización griega |9 265578 | |
| 650 | 7 | |a CIVILIZACION FENICIA |2 CL-VaPUC |9 467322 | |
| 583 | |a last modification |c 20020301 00:00:00 |k Rodrigo Vera | ||
| 490 | 0 | |a Crítica - Arqueología | |
| 999 | |c 299397 |d 299395 | ||
| 952 | |0 0 |1 0 |4 0 |6 930_100000000000000_FRA_1997 |7 0 |8 A |9 355923 |a BIBHIS |b BIBHIS |d 2019-11-21 |i 3793850 |o 930.1 FRA 1997 |p 3793850 |r 2025-01-20 |w 2019-11-21 |y BK |k HIS | ||